Nations in the 2004 Summer Olympics - Statistics

General Stats
  • This quiz has been taken 17 times
  • The average score is 197 of 201
Answer Stats
Hint Answer % Correct
Asia Afghanistan
100%
Europe Albania
100%
Africa Algeria
100%
Oceania American Samoa
100%
Europe Andorra
100%
Africa Angola
100%
America Antigua and Barbuda
100%
America Argentina
100%
Asia Armenia
100%
Oceania Australia
100%
Europe Austria
100%
Asia Azerbaijan
100%
America Bahamas
100%
Asia Bahrain
100%
Asia Bangladesh
100%
America Barbados
100%
Europe Belarus
100%
Europe Belgium
100%
America Belize
100%
Africa Benin
100%
Asia Bhutan
100%
America Bolivia
100%
Europe Bosnia and Herzegovina
100%
Africa Botswana
100%
America Brazil
100%
America British Virgin Islands
100%
Asia Brunei
100%
Europe Bulgaria
100%
Africa Burkina Faso
100%
Asia Cambodia
100%
Africa Cameroon
100%
America Canada
100%
Africa Cape Verde
100%
Africa Central African Republic
100%
Africa Chad
100%
America Chile
100%
Asia Chinese Taipei
100%
America Colombia
100%
Africa Comoros
100%
America Costa Rica
100%
Europe Croatia
100%
America Cuba
100%
Europe Czech Republic
100%
Africa Democratic Republic of the Congo
100%
Europe Denmark
100%
America Dominica
100%
America Dominican Republic
100%
Asia East Timor
100%
Africa Egypt
100%
America El Salvador
100%
Africa Equatorial Guinea
100%
Africa Eritrea
100%
Europe Estonia
100%
Africa Ethiopia
100%
Oceania Federated States of Micronesia
100%
Oceania Fiji
100%
Europe Finland
100%
Europe France
100%
Africa Gabon
100%
Asia Georgia
100%
Europe Germany
100%
Africa Ghana
100%
Europe Great Britain
100%
Europe Greece
100%
America Grenada
100%
America Guatemala
100%
Africa Guinea
100%
Africa Guinea-Bissau
100%
America Guyana
100%
America Haiti
100%
America Honduras
100%
Europe Hungary
100%
Europe Iceland
100%
Asia India
100%
Asia Indonesia
100%
Asia Iran
100%
Asia Iraq
100%
Europe Ireland
100%
Asia Israel
100%
Europe Italy
100%
Africa Ivory Coast
100%
America Jamaica
100%
Asia Japan
100%
Asia Kazakhstan
100%
Africa Kenya
100%
Oceania Kiribati
100%
Asia Kuwait
100%
Asia Kyrgyzstan
100%
Asia Laos
100%
Europe Latvia
100%
Africa Lesotho
100%
Africa Liberia
100%
Africa Libya
100%
Europe Liechtenstein
100%
Europe Lithuania
100%
Europe Luxembourg
100%
Europe Macedonia
100%
Africa Madagascar
100%
Africa Malawi
100%
Asia Malaysia
100%
Asia Maldives
100%
Africa Mali
100%
Europe Malta
100%
Africa Mauritania
100%
Africa Mauritius
100%
Europe Moldova
100%
Europe Monaco
100%
Asia Mongolia
100%
Africa Mozambique
100%
Asia Myanmar
100%
Africa Namibia
100%
Oceania Nauru
100%
Asia Nepal
100%
Europe Netherlands
100%
Oceania New Zealand
100%
America Nicaragua
100%
Africa Niger
100%
Africa Nigeria
100%
Asia North Korea
100%
Europe Norway
100%
Asia Oman
100%
Asia Pakistan
100%
Oceania Palau
100%
America Panama
100%
Oceania Papua New Guinea
100%
America Paraguay
100%
America Peru
100%
Asia Philippines
100%
Europe Poland
100%
Europe Portugal
100%
Asia Qatar
100%
Africa Republic of the Congo
100%
Europe Romania
100%
Europe Russia
100%
Africa Rwanda
100%
America Saint Kitts and Nevis
100%
America Saint Lucia
100%
America Saint Vincent and the Grenadines
100%
Oceania Samoa
100%
Europe San Marino
100%
Africa São Tomé and Principe
100%
Asia Saudi Arabia
100%
Africa Senegal
100%
Europe Serbia and Montenegro
100%
Africa Seychelles
100%
Africa Sierra Leone
100%
Asia Singapore
100%
Europe Slovakia
100%
Europe Slovenia
100%
Africa Somalia
100%
Africa South Africa
100%
Asia South Korea
100%
Europe Spain
100%
Asia Sri Lanka
100%
Africa Sudan
100%
America Suriname
100%
Africa Swaziland
100%
Europe Sweden
100%
Asia Syria
100%
Asia Tajikistan
100%
Africa Tanzania
100%
Asia Thailand
100%
Africa The Gambia
100%
Africa Togo
100%
Oceania Tonga
100%
America Trinidad and Tobago
100%
Africa Tunisia
100%
Asia Turkey
100%
Asia Turkmenistan
100%
Africa Uganda
100%
Europe Ukraine
100%
Asia United Arab Emirates
100%
America Uruguay
100%
Asia Uzbekistan
100%
Oceania Vanuatu
100%
America Venezuela
100%
Asia Vietnam
100%
America Virgin Islands
100%
Asia Yemen
100%
Africa Zambia
100%
Africa Zimbabwe
100%
Africa Burundi
88%
Asia China
88%
Oceania Cook Islands
88%
Asia Cyprus
88%
America Ecuador
88%
Oceania Guam
88%
Asia Jordan
88%
Asia Lebanon
88%
America Mexico
88%
Africa Morocco
88%
America Puerto Rico
88%
Oceania Solomon Islands
88%
Europe Switzerland
88%
America United States
88%
America Bermuda
75%
Asia Hong Kong
75%
Asia Palestine
75%
America Aruba
63%
America Cayman Islands
63%
America Netherlands Antilles
50%
No matching quizzes found
Score Distribution
Percent of People with Each Score
Percentile by Number Answered
Your Score History
You have not taken this quiz